ბათუმის შოთა რუსთაველის სახელმწიფო უნივერსიტეტის ბიბლიოთეკა

ტექნიკური ელექტროდინამიკის საფუძვლები : დამხმ.სახელმძღ. / (ბიბ.ჩანაწერი № 37597)

000 -ლიდერი
ფიქსირებული სიგრძის საკონტროლო ველი 00992nam a2200229Ia 4500
001 - საკონტროლო ნომერი
საკონტროლო ველი 3569
003 - საკონტროლო ნომრის იდენტიფიკატორი
საკონტროლო ველი GE_BSU
005 - ბოლო ოპერაციის თარიღი და დრო
საკონტროლო ველი 20190528173900.0
008 - ფიქსირებული სიგრძის მონაცემთა ელემენტები - ზოგადი ინფორმაცია
ფიქსირებული სიგრძის საკონტროლო ველი 181216s2007|||| |||||||||||||| ||geo||
020 ## - წიგნის საერთაშორისო სტანდარტული ნომერი
International Standard Book Number 9789994061419
040 ## - კატალოგიზაციის წყარო
Transcribing agency GE_BSU
041 ## - ენის კოდი
Language code of text/sound track or separate title geo
080 ## - უნივერსალური ათობითი კლასიფიკაციის ინდექსი
Universal Decimal Classification number 621.3(075.8) კ-95
100 ## - მთავარი ჩანაწერი - პიროვნების სახელი
Personal name კუტუბიძე, ბ.ვ.
9 (RLIN) 1750
245 ## - ცნობა სათაურის შესახებ
Title ტექნიკური ელექტროდინამიკის საფუძვლები : დამხმ.სახელმძღ. /
Statement of responsibility, etc ბ.ვ. კუტუბიძე ; რედ : ნუგზარ ღომიძე.
264 ## - წარმოების, გამოცემის, დისტრიბუციის და სხვა ცნობები
გამოცემის, წარმოების, დისტრიბუციის... ადგილი თბილისი:
გამოცემის, წარმოების, დისტრიბუციის... სახელწოდება უნივერსალი,
გამოცემის, წარმოების, დისტრიბუციის... თარიღი 2007.
300 ## - ფიზიკური აღწერა
Extent 150 გვ.:
Other physical details ილ ;
Dimensions 20 სმ.
653 ## - INDEX TERM--UNCONTROLLED
Uncontrolled term ტექნიკური ელექტროდინამიკა
653 ## - INDEX TERM--UNCONTROLLED
Uncontrolled term ელექტროტექნიკა
700 ## - ADDED ENTRY--PERSONAL NAME
Personal name ღომიძე, ნუგზარ
Relator term რედაქტორი
9 (RLIN) 1751
942 ## - ADDED ENTRY ELEMENTS (KOHA)
Koha item type წიგნი
Source of classification or shelving scheme
ეგზემპლარები
ჩამოწერის სტატუსი დაკარგული ეგზემპლარის სტატუსი კლასიფიკაციის წყარო ან თაროზე გაწყობის სქემა დაზიანების სტატუსი არ გაიცემა მუდმივი მდებარეობა (დაცვის ადგილი) ამჟამინდელი ადგილსამყოფელი თაროზე განთავსების ადგილი შეძენის თარიღი სრული შენახვის შიფრი შტრიხკოდი ბოლო ოპერაციის თარიღი ეგზემპლარის მიმდევრობითი ნომერი (კეტერი?) ფასის ძალაში შესვლის თარიღი ეგზემპლარის სახეობა
          ტექნოლოგიური ფაკულტეტის ბიბლიოთეკა ტექნოლოგიური ფაკულტეტის ბიბლიოთეკა წიგნსაცავი 2018-12-17 621.3(075.8) კ-95 9283 2018-12-17 9283 2018-12-17 წიგნი
          ტექნოლოგიური ფაკულტეტის ბიბლიოთეკა ტექნოლოგიური ფაკულტეტის ბიბლიოთეკა წიგნსაცავი 2018-12-17 621.3(075.8) კ-95 9284 2018-12-17 9284 2018-12-17 წიგნი
          ტექნოლოგიური ფაკულტეტის ბიბლიოთეკა ტექნოლოგიური ფაკულტეტის ბიბლიოთეკა წიგნსაცავი 2018-12-17 621.3(075.8) კ-95 9285 2018-12-17 9285 2018-12-17 წიგნი
          ტექნოლოგიური ფაკულტეტის ბიბლიოთეკა ტექნოლოგიური ფაკულტეტის ბიბლიოთეკა წიგნსაცავი 2018-12-17 621.3(075.8) კ-95 9286 2018-12-17 9286 2018-12-17 წიგნი